00485nam a22001697a 450000500170000001000130001702000260003003500130005603700130006908200120008210000170009424500640011126000300017527000630020530000280026870000190029620200203111020.0 aB-731185 a9789332508019c199.00 aB-731185 bDBAD/Pub a650.144 aThorp, Edger aWinning at Interviews/cby Edger Thorp [and] Showick Thorp  aNew DelhibPearson c2013 a11, Community Centre, Panhchsheel Park bNew Delhie110017 axi, 276p. c20cm (pbk)  aThorp, Showick